00486nam a2200145Ia 4500008004100000041000800041082001400049100001600063245004500079260003700124300002900161365000900190999001500199952012600214240624s9999 xx 000 0 und d aeng a303.3 PEN aPENNY LAURA aYOUR CALL IS IMPORTANT TO US THE TRUTH A c2005aNew YorkbCrown Publishers ax, : 242 : p. : cm. ; 20 cb20 c9651d9651 00104070aIMTNbIMTNcRack 6-Bd2008-09-17eWBDg21.95n358o303.3 PENp9651r2024-06-24 00:00:00t45.2w2024-06-24yBK